000 00364nam a2200121Ia 4500
008 220217s9999||||xx |||||||||||||| ||und||
082 _a629.8 SHI
100 _aShivanandam, S.N , Deepa,S.N
245 0 _aProblems and solutions of control systems engineering
260 _aJaico publishing house
_bNew Delhi
_c2006
300 _b350
650 _aCONTROL SYSTEM
999 _c174103
_d174103